000
00320 a2200145 4500
001
177330
020
_a
040
_c
Magnum
100
_a
Silva Neto, Belchior Joaquim da
240
1
0
_a
Agostinho, o africano
_l
por
245
1
0
_a
Agostinho, o africano
362
0
_a
1899
697
_a
MAGNITO: RELIGIAO
942
_c
BK
999
_c
177330
_d
177330